[Event "SCO-ch 124th"]
[Site "Dundee"]
[Date "2017.07.15"]
[Round "1"]
[White "Gormally, Daniel"]
[Black "Durno, Joy"]
[Result "1-0"]
[WhiteElo "2462"]
[BlackElo "1871"]
[PlyCount "37"]
[EventDate "2017.07.15"]
[EventType "swiss"]
[EventRounds "9"]
[EventCountry "SCO"]
[SourceTitle "CBM 179 Extra"]
[Source "ChessBase"]
[SourceDate "2017.08.23"]
[SourceVersion "1"]
[SourceVersionDate "2017.08.23"]
[SourceQuality "1"]

1. d4 d5 2. Nf3 Nf6 3. c4 c6 4. Nc3 Bf5 5. Qb3 Qb6 6. c5 Qc7 7. Bf4 Qc8 8. Nh4 Bg6 9. e3 Nbd7 10. Nxg6 hxg6 11. Qc2 Nh5 12. Bg5 e5 13. 0-0-0 Nhf6 14. dxe5 Nxe5 15. e4 dxe4 16. Nxe4 Qf5 17. Nxf6+ gxf6 18. Qxf5 gxf5 19. Bxf6 1-0

[Event "Perth Congress"]
[Site "Perth"]
[Date "2017.02.17"]
[Round "1"]
[White "Durno, Joy"]
[Black "Berera, Siddharth"]
[Result "1-0"]
[WhiteElo "1885"]
[BlackElo "1682"]
[PlyCount "127"]
[EventDate "2017.02.17"]
[EventType "swiss"]
[EventRounds "5"]
[EventCountry "SCO"]
[SourceTitle "CBM 176 Extra"]
[Source "ChessBase"]
[SourceDate "2017.03.02"]
[SourceVersion "1"]
[SourceVersionDate "2017.03.02"]
[SourceQuality "1"]

1. d4 Nf6 2. c4 e6 3. Nf3 b6 4. Nc3 Bb4 5. Bd2 0-0 6. e3 Bb7 7. Be2 d5 8. 0-0 Nbd7 9. Rc1 a6 10. a3 Bxc3 11. Bxc3 Rc8 12. b3 Qe7 13. Bb2 Ne4 14. cxd5 exd5 15. Rc2 f6 16. Qc1 c5 17. a4 cxd4 18. Nxd4 Rxc2 19. Qxc2 Rc8 20. Qd1 Qb4 21. Bg4 Nec5 22. Qb1 Re8 23. Rc1 Ne5 24. Bc3 Qa3 25. Be2 Ne4 26. Be1 Qd6 27. Rc2 Rc8 28. Rxc8+ Bxc8 29. Qc1 Bb7 30. f3 Nc5 31. Qc2 g6 32. Bg3 Qd7 33. Bf2 Qd6 34. Qc3 Nc6 35. Bg3 Qd7 36. Nc2 Kg7 37. Bf2 Ne6 38. Qd2 Qd6 39. Bc4 Ne5 40. Be2 Nc6 41. Bg3 Qd7 42. h3 d4 43. Bc4 d3 44. Bxd3 Nc5 45. Ne1 Nxb3 46. Qb2 Nca5 47. Qe2 Nc5 48. Bh4 Qxa4 49. e4 Qd4+ 50. Bf2 Qd6 51. Bc4 Nxc4 52. Qxc4 Nd7 53. Qc3 Qc6 54. Qb4 Nc5 55. Qd4 Nd7 56. Nd3 a5 57. Nf4 Qc1+ 58. Kh2 Qc6 59. Nd5 b5 60. Ne7 Qc7+ 61. Bg3 Ne5 62. Nd5 Bxd5 63. exd5 Qe7 64. d6 1-0

[Event "Edinburgh Premier"]
[Site "Edinburgh"]
[Date "2016.04.08"]
[Round "1.7"]
[White "Marzano, Carlo"]
[Black "Durno, Joy"]
[Result "1/2-1/2"]
[WhiteElo "2188"]
[BlackElo "1872"]
[PlyCount "80"]
[EventDate "2016.04.08"]
[EventType "swiss"]
[EventRounds "5"]
[EventCountry "SCO"]
[SourceTitle "EXT 2023"]
[Source "ChessBase"]
[SourceDate "2022.10.05"]
[SourceVersion "1"]
[SourceVersionDate "2022.10.05"]
[SourceQuality "1"]

1. d4 Nf6 2. Nf3 c5 3. d5 g6 4. c4 e6 5. Nc3 exd5 6. cxd5 d6 7. Nd2 Nbd7 8. Nc4 Nb6 9. Na3 Bg7 10. e4 0-0 11. Be2 Qe7 12. f3 Bd7 13. 0-0 Rab8 14. Nab1 a6 15. a4 Na8 16. a5 Nc7 17. Na3 Nfe8 18. Re1 f5 19. exf5 Rxf5 20. Bxa6 Bd4+ 21. Kh1 Qh4 22. Re4 Qf2 23. Bc4 Nf6 24. Re2 Qh4 25. Qe1 Qxe1+ 26. Rxe1 Bxc3 27. bxc3 Nfxd5 28. Bh6 Bc6 29. Re7 Rf7 30. Rae1 Nxe7 31. Rxe7 Nd5 32. Re1 Nxc3 33. Bxf7+ Kxf7 34. Nc4 Nb5 35. Bf4 Rd8 36. Rd1 Ke6 37. Re1+ Kf7 38. Rd1 Ke6 39. Re1+ Kf6 40. Rd1 Ke6 1/2-1/2

[Event "SCO-ch 122nd"]
[Site "Edinburgh"]
[Date "2015.07.18"]
[Round "8"]
[White "Durno, Joy"]
[Black "Orr, Mark JL"]
[Result "0-1"]
[WhiteElo "1886"]
[BlackElo "2260"]
[PlyCount "122"]
[EventDate "2015.07.11"]
[EventType "swiss"]
[EventRounds "9"]
[EventCountry "SCO"]
[SourceTitle "CBM 167 Extra"]
[Source "ChessBase"]
[SourceDate "2015.09.14"]
[SourceVersion "1"]
[SourceVersionDate "2015.09.14"]
[SourceQuality "1"]

1. d4 Nf6 2. c4 c6 3. Nf3 d5 4. e3 Bf5 5. Nc3 e6 6. Nh4 Be4 7. f3 Bg6 8. Qb3 Qb6 9. Nxg6 hxg6 10. g3 Nbd7 11. Bd2 Bd6 12. Bg2 dxc4 13. Qxc4 0-0 14. Na4 Qc7 15. Nc5 e5 16. Nxd7 Nxd7 17. 0-0 exd4 18. exd4 Nb6 19. Qb3 Be7 20. Ba5 Bf6 21. Rfd1 Rfd8 22. Bc3 g5 23. Rd3 Re8 24. Ba5 Rad8 25. Rad1 Rd5 26. Bxb6 axb6 27. Bf1 Red8 28. Qb4 Qd6 29. Qxd6 R8xd6 30. b3 b5 31. Bh3 Kf8 32. Kf1 Rxd4 33. Bf5 b6 34. Ke2 b4 35. Bc8 c5 36. Ba6 Rxd3 37. Rxd3 Bd4 38. Bc4 Rh6 39. Rd2 Rxh2+ 40. Kd3 Rh3 41. Rg2 Be5 42. Bb5 Ke7 43. Kc4 Bxg3 44. Bc6 Kd6 45. Kb5 Kc7 46. Re2 Bd6 47. Re8 Rh2 48. Ra8 Be5 49. Ra7+ Kd6 50. Kxb6 Bd4 51. Kb5 f6 52. Rxg7 Rxa2 53. Rf7 Rc2 54. Rd7+ Ke5 55. Bd5 Kf4 56. Re7 Kg3 57. Rf7 Rc3 58. Rf8 Rxf3 59. Bxf3 Kxf3 60. Kc4 g4 61. Kd3 g3 0-1

[Event "Olympiad Women-41"]
[Site "Tromsoe"]
[Date "2014.08.14"]
[Round "11.4"]
[White "Durno, Joy"]
[Black "Thilakawardana, Supeshala"]
[Result "1-0"]
[WhiteElo "1862"]
[BlackElo "1729"]
[PlyCount "105"]
[EventDate "2014.08.02"]
[EventType "team-swiss"]
[EventRounds "11"]
[EventCountry "NOR"]
[SourceTitle "CBM 162"]
[Source "ChessBase"]
[SourceDate "2014.09.17"]
[SourceVersion "1"]
[SourceVersionDate "2014.09.17"]
[SourceQuality "1"]
[WhiteTeam "Scotland (W)"]
[BlackTeam "Sri Lanka (W)"]
[WhiteTeamCountry "SCO"]
[BlackTeamCountry "SRI"]

1. d4 f5 2. Nf3 Nf6 3. g3 g6 4. Bg2 Bg7 5. 0-0 0-0 6. b3 d6 7. Bb2 c6 8. c4 Qe8 9. Qc2 Nbd7 10. Nc3 e5 11. dxe5 dxe5 12. e4 f4 13. Ba3 c5 14. Nb5 Qe7 15. Rad1 Ne8 16. Qd3 a6 17. Nd6 Nxd6 18. Qxd6 Re8 19. Bh3 Qxd6 20. Rxd6 Nf6 21. Bxc8 Raxc8 22. Re1 fxg3 23. hxg3 h6 24. Bb2 Rcd8 25. Rxd8 Rxd8 26. Bxe5 Ng4 27. Bxg7 Kxg7 28. Kg2 Kf6 29. Re2 g5 30. Ne1 Ne5 31. f4 Nc6 32. Nf3 gxf4 33. gxf4 Nb4 34. Ne5 Ke6 35. Kf3 h5 36. Rh2 Rh8 37. Ng6 Rh6 38. f5+ Kf6 39. Nf4 h4 40. Ng6 Nc6 41. Kg4 b5 42. cxb5 axb5 43. Nxh4 Rh8 44. Rc2 Re8 45. Kf4 Nb4 46. Rd2 c4 47. bxc4 bxc4 48. e5+ Kf7 49. Rd7+ Kg8 50. Ng6 c3 51. Ke3 Nxa2 52. f6 Rf8 53. Rg7# 1-0

[Event "Glenrothes op"]
[Site "Glenrothes"]
[Date "2013.03.15"]
[Round "1"]
[White "Mannion, Stephen R"]
[Black "Durno, Joy"]
[Result "1-0"]
[WhiteElo "2376"]
[BlackElo "1862"]
[PlyCount "53"]
[EventDate "2013.03.15"]
[EventType "swiss"]
[EventRounds "5"]
[EventCountry "SCO"]
[SourceTitle "EXT 2023"]
[Source "ChessBase"]
[SourceDate "2022.10.05"]
[SourceVersion "1"]
[SourceVersionDate "2022.10.05"]
[SourceQuality "1"]

1. e4 c5 2. Nf3 e6 3. d4 cxd4 4. Nxd4 Nf6 5. Nc3 d6 6. g4 h6 7. h4 h5 8. gxh5 Nxh5 9. Bg5 Qb6 10. Nb3 Nc6 11. Qd2 Bd7 12. 0-0-0 a6 13. Kb1 Qc7 14. Nd4 Nf6 15. Be2 Be7 16. f4 0-0-0 17. Bf3 Nxd4 18. Qxd4 Bc6 19. h5 Ne8 20. h6 Bxg5 21. fxg5 e5 22. Qa7 f5 23. Rd3 g6 24. Rhd1 Qe7 25. exf5 gxf5 26. Bxc6 bxc6 27. Qxe7 1-0

[Event "Olympiad Women-40"]
[Site "Istanbul"]
[Date "2012.09.09"]
[Round "11.4"]
[White "Durno, Joy"]
[Black "Kruk, Karina"]
[Result "1-0"]
[WhiteElo "1863"]
[BlackElo "1784"]
[PlyCount "83"]
[EventDate "2012.08.28"]
[EventType "team-swiss"]
[EventRounds "11"]
[EventCountry "TUR"]
[SourceTitle "CBM 150 Extra"]
[Source "ChessBase"]
[SourceDate "2012.10.19"]
[SourceVersion "1"]
[SourceVersionDate "2012.10.19"]
[SourceQuality "1"]
[WhiteTeam "Scotland (W)"]
[BlackTeam "Ireland (W)"]
[WhiteTeamCountry "SCO"]
[BlackTeamCountry "IRL"]

1. d4 Nf6 2. c4 g6 3. g3 Bg7 4. Bg2 d6 5. Nc3 0-0 6. Nf3 c6 7. 0-0 Qa5 8. e4 Qh5 9. Nh4 Qxd1 10. Rxd1 e5 11. dxe5 dxe5 12. Be3 Nbd7 13. h3 Kh8 14. Nf3 Ng8 15. Rd6 f5 16. Ng5 Rf6 17. Rad1 h6 18. Ne6 Nb6 19. Nxg7 Kxg7 20. b3 Rf8 21. f4 exf4 22. Bxf4 fxe4 23. Be5+ Nf6 24. Nxe4 Nbd7 25. Rxd7+ Bxd7 26. Rxd7+ Rf7 27. Nxf6 Rxd7 28. Nxd7+ Kf7 29. Nb8 Ke6 30. Bc7 a6 31. c5 g5 32. g4 a5 33. a4 Kf7 34. Kf2 Kf6 35. Ke3 Ke6 36. Kd4 Kf6 37. Be4 Ra7 38. Bf5 Ra8 39. Bc8 Kf7 40. Ke5 Ke7 41. Bxb7 Ra7 42. Nxc6+ 1-0

[Event "Olympiad Women-40"]
[Site "Istanbul"]
[Date "2012.08.30"]
[Round "3.3"]
[White "Durno, Joy"]
[Black "Barbier, Wiebke"]
[Result "0-1"]
[WhiteElo "1863"]
[BlackElo "1952"]
[PlyCount "62"]
[EventDate "2012.08.28"]
[EventType "team-swiss"]
[EventRounds "11"]
[EventCountry "TUR"]
[SourceTitle "CBM 150 Extra"]
[Source "ChessBase"]
[SourceDate "2012.10.19"]
[SourceVersion "1"]
[SourceVersionDate "2012.10.19"]
[SourceQuality "1"]
[WhiteTeam "Scotland (W)"]
[BlackTeam "Belgium (W)"]
[WhiteTeamCountry "SCO"]
[BlackTeamCountry "BEL"]

1. d4 d6 2. Nf3 Nf6 3. c4 Nbd7 4. Nc3 e5 5. g3 Be7 6. Bg2 0-0 7. 0-0 Ne8 8. e4 g6 9. h3 Ng7 10. Nd5 Re8 11. Nxe7+ Qxe7 12. Re1 c6 13. Bd2 b6 14. Bc3 Bb7 15. Qd2 a6 16. Rad1 Rad8 17. b3 Nh5 18. dxe5 Nxe5 19. Nh2 c5 20. g4 Ng7 21. Qh6 f6 22. Qe3 g5 23. f4 Ng6 24. fxg5 fxg5 25. Nf1 Nf4 26. Bh1 h5 27. Ng3 Nxh3+ 28. Kh2 hxg4 29. Bf3 gxf3 30. Kxh3 g4+ 31. Kh2 Qh4+ 0-1